<?xml version="1.0" encoding="UTF-8"?><?xml-stylesheet type="text/xsl" href="static/style.xsl"?><OAI-PMH xmlns="http://www.openarchives.org/OAI/2.0/" xmlns:xsi="http://www.w3.org/2001/XMLSchema-instance" xsi:schemaLocation="http://www.openarchives.org/OAI/2.0/ http://www.openarchives.org/OAI/2.0/OAI-PMH.xsd"><responseDate>2026-04-14T07:54:08Z</responseDate><request verb="GetRecord" identifier="oai:www.recercat.cat:2072/530230" metadataPrefix="marc">https://recercat.cat/oai/request</request><GetRecord><record><header><identifier>oai:recercat.cat:2072/530230</identifier><datestamp>2025-05-21T13:06:10Z</datestamp><setSpec>com_2072_220028</setSpec><setSpec>com_2072_4427</setSpec><setSpec>col_2072_479371</setSpec></header><metadata><record xmlns="http://www.loc.gov/MARC21/slim" xmlns:dcterms="http://purl.org/dc/terms/" xmlns:xsi="http://www.w3.org/2001/XMLSchema-instance" xmlns:doc="http://www.lyncode.com/xoai" xsi:schemaLocation="http://www.loc.gov/MARC21/slim http://www.loc.gov/standards/marcxml/schema/MARC21slim.xsd">
   <leader>00925njm 22002777a 4500</leader>
   <datafield ind2=" " ind1=" " tag="042">
      <subfield code="a">dc</subfield>
   </datafield>
   <datafield ind2=" " ind1=" " tag="720">
      <subfield code="a">Belarte Franco, Maria Carme</subfield>
      <subfield code="e">author</subfield>
   </datafield>
   <datafield ind2=" " ind1=" " tag="720">
      <subfield code="a">Portillo Ramírez, Marta, 1976-</subfield>
      <subfield code="e">author</subfield>
   </datafield>
   <datafield ind2=" " ind1=" " tag="720">
      <subfield code="a">Mateu Sagués, Marta</subfield>
      <subfield code="e">author</subfield>
   </datafield>
   <datafield ind2=" " ind1=" " tag="720">
      <subfield code="a">Saorin, Carme</subfield>
      <subfield code="e">author</subfield>
   </datafield>
   <datafield ind2=" " ind1=" " tag="720">
      <subfield code="a">Pastor Quiles, María</subfield>
      <subfield code="e">author</subfield>
   </datafield>
   <datafield ind2=" " ind1=" " tag="720">
      <subfield code="a">Vila, Sílvia</subfield>
      <subfield code="e">author</subfield>
   </datafield>
   <datafield ind2=" " ind1=" " tag="720">
      <subfield code="a">Pescini, Valentina</subfield>
      <subfield code="e">author</subfield>
   </datafield>
   <datafield ind2=" " ind1=" " tag="260">
      <subfield code="c">2023-01-11</subfield>
   </datafield>
   <datafield ind2=" " ind1=" " tag="520">
      <subfield code="a">Iron Age combustion structures on the eastern Iberian Peninsula have traditionally been analysed through the study of their morphological aspects and their association with archaeological finds. Approaches including microarchaeology and a combination of different disciplines are still rare for this area and period, despite the fact that they will be able to provide more information on the construction techniques, fuels and uses of fire facilities. The authors are currently undertaking the project entitled “Transdisciplinary and Experimental Study of Combustion Structures in the Western Mediterranean during Protohistory (first millennium BC)” (TRANSCOMB) aimed at implementing an interdisciplinary methodology for the study of protohistoric hearths and ovens. This paper presents the results of the analyses (anthracological studies, phytoliths and calcitic microfossils, micromorphology and FTIR) conducted on a selection of combustion structures. Micromorphological and FTIR analyses give us detailed information on the construction technique and materials used. Macrobotanical and microfossil records indicate fuel sources. The different analyses also provide information on the temperatures obtained in the studied combustion structures. The coordination between specialists and the comparison of results obtained from the different techniques have provided a complementary view of the aspects studied. These need to be extended by further research, including experimental work, within the framework of our project.</subfield>
   </datafield>
   <datafield ind1="8" ind2=" " tag="024">
      <subfield code="a">2352-4103</subfield>
   </datafield>
   <datafield ind1="8" ind2=" " tag="024">
      <subfield code="a">http://hdl.handle.net/2072/530230</subfield>
   </datafield>
   <datafield ind1="8" ind2=" " tag="024">
      <subfield code="a">https://doi.org/10.1016/j.jasrep.2022.103803</subfield>
   </datafield>
   <datafield ind2="0" ind1="0" tag="245">
      <subfield code="a">An interdisciplinary approach to the combustion structures of the Western Mediterranean Iron Age. The first results</subfield>
   </datafield>
</record></metadata></record></GetRecord></OAI-PMH>